000 00563nam a2200193 a 4500
005 20140310183431.0
008 080109s19uu xx 00 eng d
020 _a9780750661812
050 _aGV 191.67.W3
_b.W38 2007
245 _aWater-based tourism, sport, leisure, and recreation experiences /
260 _aAmsterdam :
_bButterworth-Heinemann,
_c2007.
300 _a260 p. :
_bill. ;
_c23 cm.
521 _aTOU
650 _aAquatic sorts.
650 _aOutdoor recreation.
650 _aSports and tourism.
942 _cBK
_2lcc
_kFOR
999 _c22742
_d22742